Регионална библиотека "Любен Каравелов" - Русе

Анализът в урока по литература (Запис номер 57631)

MARC детайли
000 -Лидер
Контролно поле с фиксирана дължина 01396nam a2200325 c 4500
003 - Код на организацията, давaща контролен номер
Контролно поле BLK
005 - Дата и час на последна редакция
Контролно поле 20221011155412.0
008 - Елементи от данни с фиксирана дължина
fixed length control field 180408b bul|||||r ||||||| ||bul||
010 ## - Наследен системен номер
LC control number KNG00061637000
040 ## - Източник на каталожния запис
Идентификатор на билиотеката - собственик на записа BLK
041 ## - Код за език
Код за езика на текст/звукозапис или на отделно заглавие Български
Код за езика КДБФ Български
080 ## - УДК
Текстов определител УДК Литература в основното училище. Методика на обучението
УДК код - определител по УДК 373.3.016:821
УДК - код + определител 373.3.016:821
080 ## - УДК
Текстов определител УДК Литература на отделни езици и езикови семейства
УДК код - определител по УДК 821
УДК определител (07)
УДК - код + определител 821(07)
100 1# - Редна дума - Автор
Автор Стефанов, Чавдар П.
Авторска отговорност първи автор
R(LIN) 287743
139 ## - Редно поле
Редна дума Стефанов, Чавдар П.
Авторски знак Сте - С 75
245 10 - Сведения за заглавието
Заглавие Анализът в урока по литература
Подзаглавни данни В помощ на учителите
Редно поле (дума) Чавдар П. Стефанов.
257 ## - Страна на издаване
Страна на създаване/издаване България
260 ## - Област на издателските данни
Място на издаване, разпространение и проч. София
Име на издателя, разпространителя и проч. Нар. просв.
Година на издаване 1975
Печатница Враца : печ. В. Александров
300 ## - Физическа характеристика
Страници 167 с.
Размери/Мащаб 20 см
380 ## - Жанр
Жанр Обществени науки
500 ## - Общи забележки
Забележка 15 101 тир. - Библиогр. под линия
650 #4 - Допълнително описание по предмет – тема
Основно описание – тема или топоним Литература - методика на преподаването
9 (RLIN) 242854
653 ## - Ключова дума – ненормативна
Ключова дума литература
653 ## - Ключова дума – ненормативна
Ключова дума методика на преподаването
852 ## - Местоположение
Форматна сигнатура Цб 78846
856 4# - Електронен адрес и достъп
Електронен формат pdf - файл
Инструкция (цена за достъп) 0.00
Права за достъп disable
856 4# - Електронен адрес и достъп
Електронен формат pdf - файл
Инструкция (цена за достъп) 0.00
Права за достъп disable
999 ## - СИСТЕМНИ КОНТРОЛНИ НОМЕРА
Koha biblionumber 57631
Koha biblioitemnumber 57631
942 ## - АРТИКУЛИ
Вид на библиотечния материал Книги
Скрит в OPAC Не
Koha issues (borrowed), all copies 1
Периодичен библиозапис Да
944 ## - СЪЗДАВАНЕ И РЕДАКЦИЯ на ЗАПИСА
Създаване/Редакция Създаване
Дата на регистрацията/редакция 13.06.2004
Служител, извършил регистрацията/редакцията Читалня
944 ## - СЪЗДАВАНЕ И РЕДАКЦИЯ на ЗАПИСА
Създаване/Редакция Редакция
Дата на регистрацията/редакция 30.09.2015
Служител, извършил регистрацията/редакцията Валя_Йорданова
944 ## - СЪЗДАВАНЕ И РЕДАКЦИЯ на ЗАПИСА
Създаване/Редакция Редакция
Дата на регистрацията/редакция 2022-10-11
Служител, извършил регистрацията/редакцията Христина Везирева
999 ## - СИСТЕМНИ КОНТРОЛНИ НОМЕРА
Koha biblioitemnumber 57631
Наличности
Код за отписване Код за изгубен артикул Източник на класификационната схема Код за повреда Коз за рестрикции Код за отдаване Артикулен № Име на библиотеката - собственик Име на библиотеката, в която се намира в момента Статус (Текущо местоположение) Дата на вписване в системата Местоположение - отдел Цена в лева Инвентарен номер Систематично азбучна сигнатура Баркод Номер на екземпляра Цена в евро Служебна бележка Служебен тип на артикула
Изтеглен Не е изгубен Universal Decimal Classification Не е повреден без рестрикции ползва се в читалня 93749 Регионална библиотека "Любен Каравелов" Русе Регионална библиотека "Любен Каравелов" Русе Читалня 1975-01-01 Читалня 0.54 200827 Ч 372/С75Ч 200827 1 0.28 N: Сф Дата: 01.01.1975 Дата инв: 15.03.2017 Бележки инв: Ч2017 Книги
  Не е изгубен Universal Decimal Classification Не е повреден без рестрикции ползва се в читалня 93750 Регионална библиотека "Любен Каравелов" Русе Регионална библиотека "Любен Каравелов" Русе Хранилище 1975-01-01 Хранилище 0.54 197369 Цб 78846 120000197369 2 0.28 Дост: Dp Вид: Д N: Сф Дата: 01.01.1975 Книги
Изтеглен Не е изгубен Universal Decimal Classification Не е повреден без рестрикции заемане за дома 93751 Регионална библиотека "Любен Каравелов" Русе Регионална библиотека "Любен Каравелов" Русе Заемна - подръчен фонд 1975-01-01 Заемна - подръчен фонд 0.54 200823 П 372.88/С 75 200823 3 0.28 N: Сф Дата: 01.01.1975 Дата инв: 07.02.2018 Бележки инв: П2018 Книги
Vip Innovations Ltd, Rousse, Bulgaria 2025